000 00506nam a2200181Ia 4500
005 20250326124439.0
008 250326s9999 xx 000 0 und d
037 _aTextbook
040 _aFMSL
_beng
_cFMSL
041 _aeng
_2eng
084 _aX:8ogSNI L8;1
_qFMSL
100 _aKnudson H R
_9736434
245 0 _aOrganizational behavior
_cKnudson H R; Fleenor C P
260 _aUSA
_bUSA, Winthrop
_c1978
300 _a464p
942 _cTB
_hX:8ogSNI L8;1
999 _c1273735
_d1273735